Títulos de Livros por Sinonimos - Statistics

Estatísticas Gerais
  • Esse quiz foi jogado 233 vezes
  • A pontuação média é 10 de 20
Estatísticas das Respostas
Sinônimos Título % Correto
Diário de um Panaca Diário de um banana
94%
A Donzela e o Monstro A Bela e a Fera
90%
Os Três Suínos Os Três Porquinhos
86%
Dignidade e Intolerância Orgulho e preconceito
70%
Os Paupérrimos Os Miseráveis
67%
O Levante dos Animais A Revolução dos Bichos
63%
Os Lusitanos Os Lusíadas
59%
Possuidor dos Elos Senhor dos anéis
59%
Ruins Maus
53%
Vidas Miseráveis Vidas Secas
52%
Análise sobre a Cegueira Ensaio sobre a cegueira
46%
O Doutor e a Besta O Médico e o Monstro
46%
Recordações de um Militar de Milícias Memórias de um Sargento de Milícias
38%
Esplêndido Planeta Atual Admirável Mundo Novo
33%
A Modificação A Metamorfose
25%
A Alteza Diminuta O Pequeno Príncipe
24%
A Habitação O Cortiço
15%
A Sublime Zombaria A Divina Comédia
11%
Senhor Teimoso Dom Casmurro
10%
O Conto da Dama de Companhia O Conto de Aia
10%
Nenhum quiz correspondente encontrado
Distribuição das Pontuações
Porcentagem de Pessoas com Cada Pontuação
Percentil de Números Respondidos
Sua Pontuação Histórica
Você não jogou esse quiz